Begins with 'EA' to 'EZ' Quiz Stats

Quiz Updated Nov 17, 2016

Challenge
Share
Tweet
Embed
Score 0/26 Timer 05:00
0 Plays Today
Hint Word % Correct
A change to the text of a documentedit
97.8%
To disconnect removable media, e.g. DVDeject
96.7%
A hard, heavy, deep black woodebony
95.7%
Secretly listen to a conversationeavesdrop
95.5%
A South American countryEcuador
93.5%
Strange, weird, fear-inspiringeerie
92.6%
To flee from confinementescape
92.2%
Lasting forever; unendingeternal
91.7%
Nine squaredeighty-one
91.4%
Relating to a horse or horsesequine
90.6%
A person able to give a firsthand accounteyewitness
88.6%
Transition from a liquid into a gasevaporation
88%
To remove in entiretyeradicate
87.1%
Hint Word % Correct
In astronomy, it's one billion yearseon
86.5%
An online dating websiteeHarmony
84.6%
Trainspotting actor McGregorEwan
83.8%
An instance serving for illustrationexample
78.2%
Offspring in the process of developmentembryo
77.8%
A crude sculpture or model of a personeffigy
67.3%
Used to portray excitement of discoveryeureka
67.1%
A magical or medicinal potionelixir
61.5%
An alternate name for an aubergineeggplant
55.3%
The 15th book of the King James BibleEzra
46.6%
A person pursuing pleasure, especially in reference to food or comfortepicurean
28.5%
To make an effort to do somethingendeavor
19.4%
Study of human settlementsekistics
5.4%

You're not logged in!

Compare scores with friends on all Sporcle quizzes.
Join for Free
OR
Log In

You Might Also Like...

Show Comments

Extras

Top Quizzes Today


Score Distribution

Your Account Isn't Verified!

In order to create a playlist on Sporcle, you need to verify the email address you used during registration. Go to your Sporcle Settings to finish the process.

Report this User

Report this user for behavior that violates our Community Guidelines.

Details: